| 000 | 00519nam a22001817a 4500 | ||
|---|---|---|---|
| 999 |
_c525572 _d525572 |
||
| 003 | NUST | ||
| 005 | 20190703060219.0 | ||
| 038 | _aFaiza | ||
| 082 |
_a297.692 _bKHA |
||
| 100 |
_aKhan Chodary, Mehmood _916481 |
||
| 245 |
_aTzkara Sofia e Izam / _cMehmood Khan Chodary |
||
| 260 |
_aIslamabad: _bMaktab zikar o fikar ilahi, _c2013. |
||
| 300 | _a327p. ; | ||
| 500 | _aHard Cover | ||
| 880 |
_6100-01\r _aمحمود خاں چودھری |
||
| 880 |
_6245-02\r _a /تذکرہ صوفیہ ءِ عظام |
||
| 942 |
_2ddc _cBK |
||